| 000 | 00649nam a2200241 a 4500 | ||
|---|---|---|---|
| 999 |
_c7662 _d7662 |
||
| 001 | 8897 | ||
| 003 | BD-DhUAP | ||
| 005 | 20210128101905.0 | ||
| 008 | 210127s pk b 001 0 eng d | ||
| 010 | _a 64057146 | ||
| 040 |
_aDLC _cOClU _dOCoLC _dUk _dBD-DhUAP _bEng |
||
| 082 | 0 | 0 |
_a340.59 BAI _223 |
| 100 | 1 | _aBaillie, Neil. B. E. | |
| 245 | 1 | 0 |
_aA digest of Moohummadan law / _cNeil B. E. Baillie. |
| 260 |
_aLahore : _bPremier Book House, _c...?. |
||
| 300 |
_aparts ; _c22 cm. |
||
| 505 | _aP. 1-- | ||
| 650 | 0 | _aIslamic law. | |
| 650 | 0 | _aFreedom of religion (Islamic law). | |
| 651 | _aIndia. | ||
| 942 | 0 | 0 |
_2ddc _cBK |